000 00790nam a2200265Ia 4500
003 OSt
005 20220924122411.0
006 a|||||r|||| 00| 0
007 ta
008 220923b |||||||| |||| 00| 0 urd d
020 _c2.25
024 _a322385
037 _cTextual
040 _aARTS
_cARTS
_burd
041 _2urd
_aurd
082 _aT1:4, 168K3
100 _aTrow William Clark Au.
_9189366
245 0 _aTaleem hasil karne ka aml
260 _aLahore
_bShekh Ghulam Ali and sons Pakistan
_c1963
650 _a STUDENT ACTIVITIES
_9189367
650 _aSECONDARY EDUCATION
_9171032
700 _a Jaskani Gul Mohammad Tr.
_9189368
942 _hT1:4, 168K3
_cTEXL
_2CC
999 _c411473
_d411473